000 00273nam a2200121Ia 4500
008 191201s2013 xx 000 0 und d
100 _aKHARATE,GK
245 0 _aDigital Electronics
260 _bOxford
_c2013
300 _a667
650 _aB.Tech(ECE)
942 _2ddc
_cBK
_06
999 _c7143
_d7143